000 00573nam a2200193Ii 4500
003 JO-AjNU
008 230606s9999||||xx |||||||||||||| ||und||
020 _a81-261-1542-4
040 _aJO-AjNU
_beng
_erda
_cJO-AjNU
041 _aeng
050 1 4 _aK1012.2004
100 3 _aSHARMA ، S . R,
_eauthor
_910
245 0 0 _aENCYCLOPAEDIA OF CYBER LAWS AND CRIME SERIES LAWS ON E - COMMERCE
264 3 1 _aNEW DELHI : ANMOL PUBLICATIONS PVT.LTD ،2004
300 _a469p
336 _atext
_btxt
_2rdacontent
337 _aunmediated
_bn
_2rdamedia
338 _avolume
_bnc
_2rdacarrier
999 _aE8
_c8
_d8